00835nam a2200241 a 4500001001000000005001700010008004100027041000800068044000700076050002000083100005700103245012000160260003700280300004200317500000800359650003100367700002500398700002500423902000800448942001100456999001500467952011100482BRCA_643020190320205441.0210911s1822----gw-#######---#000-0#ger-# ager agw 4aPQ2226b.A5 P361 aDumas, Alejandrod1802-1870qDumas, Alexandre91444910aDer Graf von Monte ChristocAlexandre Dumas; neu bearbeitet von Max Pannwitz ; mit illustrationen von Fritz Bergen. aStuttgartbFranckh´schec[1822] a4 tomos en 2 volúmenesbil.c16 cm. aL1414aLiteratura francesa9160601 aPannwitz, Max9160611 aBergen, Fritz916062 aGFM 2lcccB c6114d6114 00104070aBRCAbBRCAd2011-09-21iL14l0oPQ2226 .A5 P36 (L14)p6877r2019-03-22 00:00:00w2019-03-22yB